[Event "Tourn. n8802"]
[Site "www.chess-mail.com"]
[Date "2016.07.22"]
[Round "1"]
[White "Passaroa25"]
[Black "Cal"]
[WhiteElo "1570"]
[BlackElo "1540"]
[Result "0-1"]
[Round "1"]
1.e4 e5
2.f3 a6
3.d3 h6
4.Ng1e2 Ng8f6
5.Ne2g3 Bf8c5
6.Qd1e2 Nb8c6
7.Bc1e3 d6
8.Be3xc5 dxc5
9.c3 Bc8e6
10.Nb1d2 O-O
11.Nd2b3 b5
12.Qe2d2 Be6xb3
13.axb3 Nc6e7
14.Bf1e2 a5
15.O-O Ne7g6
16.Ng3f5 Ng6f4
17.Nf5e3 Nf6h7
18.g3 Qd8g5
19.Ne3g4 h5
20.Ng4f2 h4
21.g4 Nf4h3
22.Nf2xh3 Qg5xd2
23.Rf1e1 Qd2xb2
24.c4 bxc4
25.bxc4 a4
26.Ra1b1 Qb2d2
27.Nh3f2 Nh7g5
28.Kg2 g6
29.Rb1d1 Qd2e3
30.Kf1 Qe3f4
31.Kg1 Qf4e3
32.Kg2 Kg7
33.h3 Qe3f4
34.Re1g1 a3
35.Rd1a1 Rf8b8
36.Rg1b1 Qf4g3
37.Kf1 Rb8xb1
38.Ra1xb1 a2
39.Rb1a1 Ng5e6
40.Ke1 Ne6d4
41.Kf1 Nd4c2
42.Ra1c1 a1Q
43.Rc1xa1 Ra8xa1
44.Be2d1 Qg3xf3
45.Kg1 Nc2e3
{ resign }
0-1

[Event "Tourn. n8821"]
[Site "www.chess-mail.com"]
[Date "2016.07.22"]
[Round "1"]
[White "Ejner"]
[Black "Prize64"]
[WhiteElo "2430"]
[BlackElo "2390"]
[Result "1-0"]
[Round "1"]
1.Ng1f3 Ng8f6
2.c4 g6
3.Nb1c3 Bf8g7
4.e4 d6
5.d4 O-O
6.Bf1e2 e5
7.d5 a5
8.Bc1g5 Nb8a6
9.Nf3d2 Qd8e8
10.O-O Bc8d7
11.a3 h6
12.Bg5e3 Kh7
13.b4 axb4
14.axb4 Na6xb4
15.Ra1b1 Nb4a6
16.Rb1xb7 Qe8c8
17.Rb7b2 Ra8b8
18.Rb2xb8 Qc8xb8
19.Qd1a1 Qb8a8
20.Rf1b1 Nf6g4
21.Be2xg4 Bd7xg4
22.Qa1a3 Bg4c8
23.c5 Rf8d8
24.cxd6 cxd6
25.Nd2c4 Bc8b7
26.Qa3b2 Rd8b8
27.Nc4b6 { resign }
1-0

[Event "Tourn. n8796"]
[Site "www.chess-mail.com"]
[Date "2016.07.22"]
[Round "1"]
[White "Avg"]
[Black "Awfen"]
[WhiteElo "1840"]
[BlackElo "2020"]
[Result "0-1"]
[Round "1"]
1.d4 d5
2.Bc1g5 Nb8c6
3.Nb1c3 f6
4.Bg5h4 Bc8g4
5.h3 Bg4h5
6.Qd1d2 e6
7.g4 Bh5f7
8.Ng1f3 Bf8b4
9.a3 Bb4d6
10.Nc3b5 Bd6e7
11.Bh4g3 Be7d6
12.Nb5xd6 cxd6
13.O-O-O Ng8e7
14.h4 e5
15.h5 e4
 { time }
0-1

[Event "Tourn. n8867"]
[Site "www.chess-mail.com"]
[Date "2016.07.22"]
[Round "1"]
[White "Conde7"]
[Black "Jose"]
[WhiteElo "2830"]
[BlackElo "2760"]
[Result "1/2-1/2"]
[Round "1"]
1.e4 c5
2.Ng1f3 d6
3.d4 cxd4
4.Nf3xd4 Ng8f6
5.Nb1c3 g6
6.Bc1e3 Bf8g7
7.f3 O-O
8.Qd1d2 Nb8c6
9.O-O-O d5
10.Nc3xd5 Nf6xd5
11.Nd4xc6 bxc6
12.exd5 cxd5
13.Qd2xd5 Qd8c7
14.Qd5c5 Qc7b7
15.b3 Bc8f5
16.Bf1d3 Ra8c8
17.Qc5a5 Rc8c3
18.Bd3xf5 Rc3xe3
19.Bf5e4 Qb7b8
20.g3 Qb8c8
21.Rd1d5 Qc8e6
22.Qa5xa7 Re3e2
23.Qa7g1 Qe6f6
24.Kd1 { draw }
1/2-1/2

[Event "Tourn. n8888"]
[Site "www.chess-mail.com"]
[Date "2016.07.22"]
[Round "1"]
[White "Fabos12"]
[Black "Picifarkinca"]
[WhiteElo "1940"]
[BlackElo "1960"]
[Result "0-1"]
[Round "1"]
1.d4 Ng8f6
2.c4 e5
3.d5 Bf8c5
4.h3 d6
5.Bc1g5 Bc5xf2
6.Kxf2 Nf6e4
7.Ke1 Qd8xg5
8.g4 Qg5h4

0-1

[Event "Tourn. n8885"]
[Site "www.chess-mail.com"]
[Date "2016.07.22"]
[Round "1"]
[White "Pellix84"]
[Black "Bojan"]
[WhiteElo "1980"]
[BlackElo "1980"]
[Result "1-0"]
[Round "1"]
1.d4 g6
2.e4 Bf8g7
3.Bc1e3 d5
4.Nb1c3 dxe4
5.Nc3xe4 Ng8f6
6.Ne4g3 Nf6d5
7.c3 Nd5xe3
8.fxe3 a6
9.Bf1d3 f5
10.Ng1e2 Bc8e6
11.Qd1a4 c6
12.Qa4b4 Qd8c7
13.O-O Nb8d7
14.e4 fxe4
15.Ng3xe4 Nd7b6
16.Ne4g5 Nb6d5
17.Ng5xe6 Qc7d7
18.Ne6xg7 Kd8
19.Qb4b3 e5
20.Ra1e1 Qd7xg7
21.dxe5 Ra8c8
22.Ne2d4 Rh8e8
23.e6 Nd5e7
24.Qb3xb7 c5
25.Qb7d7 { resign }
1-0

[Event "Tourn. n8845"]
[Site "www.chess-mail.com"]
[Date "2016.07.22"]
[Round "1"]
[White "Azulmarino"]
[Black "Cal"]
[WhiteElo "1570"]
[BlackElo "1640"]
[Result "0-1"]
[Round "1"]
1.e4 e5
2.Ng1f3 d6
3.Bf1c4 h6
4.d4 exd4
5.Nf3xd4 c5
6.Nd4f3 Ng8f6
7.Nb1c3 Bf8e7
8.Nc3d5 Nf6xe4
9.Bc1f4 O-O
10.Qd1d3 Bc8f5
11.Nd5e3 Ne4xf2
12.Qd3xf5 Nf2xh1
13.O-O-O Nh1f2
14.Bf4xh6 g6
15.Qf5f4 Nf2xd1
16.Ne3xd1 Qd8e8
17.Nd1c3 Nb8c6
18.Nc3d5 Kh7
19.Nf3g5 Be7xg5
20.Qf4xg5 Qe8e1
{ resign }
0-1

[Event "Tourn. n8835"]
[Site "www.chess-mail.com"]
[Date "2016.07.22"]
[Round "1"]
[White "Numanoid"]
[Black "Rons"]
[WhiteElo "2460"]
[BlackElo "2570"]
[Result "1-0"]
[Round "1"]
1.d4 Ng8f6
2.Bc1g5 Nf6e4
3.Bg5f4 c5
4.f3 Qd8a5
5.c3 Ne4f6
6.d5 Qa5b6
7.Bf4c1 e6
8.e4 exd5
9.exd5 Bf8e7
10.c4 d6
11.Nb1c3 Nb8a6
12.Bf1d3 Na6b4
13.Bd3b1 O-O
14.Ng1e2 Bc8d7
15.O-O Rf8e8
16.Ne2g3 Ra8b8
17.a3 Nb4a6
18.Qd1d3 g6
19.Nc3e4 Nf6h5
20.Ng3xh5 { resign }
1-0

[Event "Match"]
[Site "www.echecsemail.com"]
[Date "2016.07.22"]
[Round "1"]
[White "Gearoidmac"]
[Black "Emiondi"]
[WhiteElo "2309"]
[BlackElo "2260"]
[Result "1-0"]
[Round "1"]
1.e4 e5
2.Ng1f3 Ng8f6
3.Nf3xe5 d6
4.Ne5f3 Nf6xe4
5.d4 d5
6.Bf1d3 Bf8e7
7.O-O Nb8c6
8.c4 Nc6b4
9.Bd3e2 O-O
10.Nb1c3 Bc8f5
11.a3 Ne4xc3
12.bxc3 Nb4c6
13.Rf1e1 Rf8e8
14.cxd5 Qd8xd5
15.Bc1f4 Ra8c8
16.Be2d3 Qd5d7
17.Ra1b1 b6
18.d5 Bf5xd3
19.Qd1xd3 Be7xa3
20.Nf3g5 g6
21.Ng5e4 Qd7f5
22.Bf4xc7 Rc8xc7
23.Ne4f6 Qf5xf6
24.Re1xe8 Kg7
25.dxc6 Ba3c5
26.Qd3c2 Qf6xc6
27.Qc2e2 Qc6f6
28.Qe2d2 Bc5d6
29.Qd2d4 Rc7xc3
30.Re8g8 { resign }
1-0

[Event "1/128 Finale"]
[Site "www.chess-mail.com"]
[Date "2016.07.22"]
[Round "1"]
[White "Derfel83"]
[Black "Sportuga"]
[WhiteElo "2020"]
[BlackElo "1499"]
[Result "0-1"]
[Round "1"]
1.e4 c6
2.d4 d5
3.Nb1c3 dxe4
4.Nc3xe4 Nb8d7
5.Ne4g5 Ng8f6
6.Bf1d3 e6
7.Ng1f3 Bf8d6
8.O-O h6
9.Ng5e4 Nf6xe4
10.Bd3xe4 O-O
11.c4 Nd7f6
12.Be4c2 Qd8c7
13.Rf1e1 Rf8e8
14.c5 Bd6f4
15.Bc1xf4 Qc7xf4
16.Nf3e5 Re8d8
17.Ne5f3 b6
18.b4 bxc5
19.bxc5 Bc8a6
20.Ra1b1 Ba6c4
21.Bc2b3 Bc4d5
22.Nf3e5 Bd5xb3
23.Qd1xb3 Rd8xd4
24.Qb3b7 Ra8f8
25.Qb7xc6 Rd4d2
26.Qc6f3 Qf4xf3
27.Ne5xf3 Rd2xa2
28.c6 Ra2c2
29.Re1c1 Rc2xc1
30.Rb1xc1 Rf8c8
31.Nf3d4 Nf6d5
32.Kf1 Nd5e7
33.Ke2 e5
34.Nd4b5 a6
35.Nb5d6 Rc8xc6
36.Rc1xc6 Ne7xc6
{ resign }
0-1

[Event "1/64 Finale"]
[Site "www.chess-mail.com"]
[Date "2016.07.22"]
[Round "1"]
[White "Picifarkinca"]
[Black "Julian"]
[WhiteElo "1980"]
[BlackElo "2060"]
[Result "1-0"]
[Round "1"]
1.Ng1f3 d5
2.c4 c6
3.cxd5 cxd5
4.d4 Nb8c6
5.Nb1c3 Ng8f6
6.Bc1g5 e6
7.e3 Bf8e7
8.Ra1c1 O-O
9.Bf1d3 h6
10.Bg5h4 a6
11.O-O Qd8c7
12.Bd3b1 Qc7b8
13.a3 b5
14.Nc3e2 Bc8b7
15.Ne2g3 Rf8e8
16.Bh4xf6 Be7xf6
17.Rc1xc6 Bb7xc6
18.Qd1d3 g6
19.h4 Kg7
20.h5 e5
21.dxe5 Bf6xe5
22.hxg6 Be5xg3
23.gxf7 Re8e4
24.Qd3c3 Bg3e5
25.Qc3xc6 Kxf7
26.Bb1xe4 dxe4
27.Nf3xe5 Kg7
28.Qc6g6 { resign }
1-0

[Event "1/64 Finale"]
[Site "www.chess-mail.com"]
[Date "2016.07.22"]
[Round "1"]
[White "Jhzes"]
[Black "Ffdd65"]
[WhiteElo "1860"]
[BlackElo "2180"]
[Result "0-1"]
[Round "1"]
1.e4 e5
2.Ng1f3 d6
3.d4 Bc8g4
4.dxe5 Bg4xf3
5.gxf3 dxe5
6.Qd1xd8 Kxd8
7.Bc1e3 Bf8d6
8.a3 Nb8d7
9.Bf1c4 f6
10.Bc4d5 c6
11.Bd5xg8 Rh8xg8
12.Nb1c3 Bd6c5
13.Be3xc5 Nd7xc5
14.O-O-O Ke7
15.h4 Ra8d8
16.Nc3e2 Rd8d7
17.Rd1xd7 Nc5xd7
18.f4 h6
19.fxe5 Nd7xe5
20.Rh1g1 Ne5f3
21.Rg1g4 Nf3e5
22.Rg4g3 g5
23.hxg5 hxg5
24.f4 Ne5f7
25.fxg5 Rg8xg5
26.Rg3xg5 Nf7xg5
27.Ne2g3 Ke6
28.Kd2 Ke5
29.Ke3 Ng5e6
30.c3 Ne6c5
31.b4 Nc5a4
32.Kd3 Na4b2
33.Kc2 Nb2c4
34.Kb3 Nc4d2
35.Kc2 Nd2xe4
36.Ng3xe4 Kxe4
37.Kd2 f5
38.Ke2 f4
39.c4 Kd4
40.c5 Kc3
41.Kf3 Kb3
42.Kxf4 Kxa3
43.Ke4 Kxb4
44.Kd4 a5
{ resign }
0-1

[Event "Fast Game"]
[Site "www.echecsemail.com"]
[Date "2016.07.22"]
[Round "1"]
[White "Hennie4820"]
[Black "Yorli"]
[WhiteElo "1610"]
[BlackElo "1599"]
[Result "1-0"]
[Round "1"]
1.e4 e5
2.Ng1f3 Nb8c6
3.Bf1c4 Ng8f6
4.d4 exd4
5.O-O Nf6xe4
6.Rf1e1 f5
7.Nf3xd4 Qd8f6
8.Nd4xc6 Qf6xc6
9.Bc4d5 Qc6f6
10.f3 Bf8c5
11.Kf1 b6
12.Bd5xa8 Bc8a6
13.Re1e2 Ba6xe2
14.Qd1xe2 c6
15.fxe4 O-O
16.Ba8xc6 fxe4
17.Ke1 dxc6
18.Nb1c3 Bc5f2
19.Kd1 Rf8d8
20.Bc1d2 Bf2d4
21.Kc1 e3
22.Bd2e1 Rd8f8
23.Nc3d1 a5
24.c3 Bd4e5
25.Nd1xe3 Be5d6
26.Kc2 b5
27.Ra1d1 Rf8e8
28.Qe2d3 Qf6f4
29.Be1d2 Qf4a4
30.Kb1 b4
31.b3 Qa4b5
32.Qd3xd6 bxc3
33.Bd2xc3 Re8xe3
34.Qd6d8 Kf7
35.Rd1d7 Kg6
36.Rd7xg7 { resign }
1-0

[Event "Tourn. n8841"]
[Site "www.chess-mail.com"]
[Date "2016.07.23"]
[Round "1"]
[White "Pimpampum"]
[Black "Osopanda"]
[WhiteElo "2190"]
[BlackElo "2010"]
[Result "1-0"]
[Round "1"]
1.e4 c5
2.Nb1c3 Nb8c6
3.f4 d6
4.Ng1f3 e6
5.Bf1c4 g6
6.O-O Bf8g7
7.d3 Ng8e7
8.Qd1e1 O-O
9.Qe1g3 f5
10.Nf3g5 d5
11.exd5 exd5
12.Bc4b3 h6
13.Ng5f3 Kh7
14.h4 c4
15.dxc4 d4
16.Nc3d5 Ne7xd5
17.cxd5 Nc6b4
18.h5 Qd8d6
19.Bc1d2 a5
20.Nf3e5 Nb4xd5
21.Ne5xg6 Rf8f6
22.Ra1e1 Bc8e6
23.Kh1 Ra8g8
24.Bd2xa5 Nd5e3
25.Rf1f2 Be6xb3
26.axb3 Ne3g4
27.Rf2e2 Bg7f8
28.Qg3f3 Rf6xg6
29.hxg6 Qd6xg6
30.Qf3xb7 Rg8g7
31.Qb7f3 Ng4e3
32.Re2xe3 dxe3
33.Re1xe3 Bf8c5
34.Re3e1 Bc5d6
35.Ba5c3 Rg7d7
36.Bc3d4 Bd6f8
37.c3 Kg8
38.Kh2 Rd7g7
39.Bd4xg7 Bf8xg7
40.Qf3d5 Kh7
41.b4 Qg6h5
42.Kg1 Qh5g4
43.Qd5f3 { resign }
1-0

[Event "Tourn. n8834"]
[Site "www.chess-mail.com"]
[Date "2016.07.23"]
[Round "1"]
[White "Azulmarino"]
[Black "Redabond"]
[WhiteElo "1570"]
[BlackElo "1640"]
[Result "0-1"]
[Round "1"]
1.e4 e5
2.Ng1f3 Nb8c6
3.Bf1c4 Ng8f6
4.d3 Bf8c5
5.h3 O-O
6.Bc1g5 h6
7.a3 hxg5
8.Nf3xg5 d5
9.exd5 Nf6xd5
10.Bc4xd5 Qd8xd5
11.Qd1h5 Bc8f5
12.Nb1c3 Qd5xg2
13.O-O-O Qg2xf2
14.Rh1f1 Qf2e3
15.Rd1d2 Bf5g6
16.Nc3d5 Qe3xd2
17.Kxd2 Bg6xh5
18.Nd5xc7 Ra8c8
19.Nc7d5 Rc8d8
20.Nd5c7 Rd8d7
21.Nc7b5 f6
22.Ng5e6 Rf8e8
23.Ne6xc5 Rd7d8
24.Nc5xb7 Rd8b8
25.Nb7d6 Re8d8
26.Rf1f5 Bh5g6
27.Rf5f1 a6
28.Nd6b7 Rb8xb7
29.Nb5c3 Rb7xb2
30.Rf1g1 Rd8xd3
31.Kc1 Rb2xc2
32.Kxc2 Rd3g3
33.Kd2 Rg3xg1
34.Nc3e2 Rg1g2
35.Ke1 Rg2xe2
36.Kxe2 Kh7
{ resign }
0-1

[Event "Tourn. n8720"]
[Site "www.chess-mail.com"]
[Date "2016.07.23"]
[Round "1"]
[White "Yangqi"]
[Black "Paaliaq"]
[WhiteElo "2660"]
[BlackElo "2390"]
[Result "1-0"]
[Round "1"]
1.e4 g6
2.d4 Bf8g7
3.Nb1c3 a6
4.f4 b5
5.Ng1f3 Bc8b7
6.Bf1d3 b4
7.Nc3a4 d6
8.c3 a5
9.O-O Ng8h6
10.h3 O-O
11.f5 Nb8d7
12.fxg6 hxg6
13.Bc1e3 d5
14.e5 e6
15.g4 bxc3
16.bxc3 Bb7c6
17.Na4b2 Ra8b8
18.Qd1d2 Kh7
19.c4 dxc4
20.Nb2xc4 Bc6d5
21.Be3g5 Qd8c8
22.Ra1c1 Qc8b7
23.Qd2e3 Qb7a7
24.Bg5e7 Rf8e8
25.Be7a3 Kg8
26.Rf1f2 c5
27.dxc5 Re8c8
28.Bd3f1 Rc8c7
29.c6 Nd7xe5
30.Nf3xe5 Qa7xe3
31.Nc4xe3 Bg7xe5
32.Ne3xd5 exd5
33.Bf1g2 Rb8b6
34.Rf2c2 d4
35.Rc1d1 f6
36.Rc2c5 Rb6a6
37.Rd1b1 Nh6f7
38.Rb1b7 Ra6a7
39.Rc5b5 d3
40.Kf2 Ra7xb7
41.Rb5xb7 Kg7
42.Ke3 d2
43.Kxd2 Nf7d8
44.Rb7xc7 Be5xc7
45.Bg2d5 Nd8f7
46.Bd5xf7 Kxf7
47.h4 Ke6
48.h5 gxh5
49.gxh5 Kf5
50.Kd3 Kg5
51.Ba3e7 Kxh5
52.Be7xf6 Kg6
53.Bf6c3 a4
54.Kc4 Kf7
55.Kb5 Ke6
56.Kxa4 Bc7f4
57.Kb5  { time }
1-0

[Event "Tourn. n8888"]
[Site "www.chess-mail.com"]
[Date "2016.07.23"]
[Round "1"]
[White "Attatroll"]
[Black "Xkafi"]
[WhiteElo "1910"]
[BlackElo "1860"]
[Result "1/2-1/2"]
[Round "1"]
1.e4 e5
2.Ng1f3 Qd8f6
3.d3 Bf8c5
4.Bc1g5 Qf6g6
5.Nb1c3 c6
6.Qd1d2 h6
7.Bg5e3 { draw }
1/2-1/2

[Event "Tourn. n8880"]
[Site "www.chess-mail.com"]
[Date "2016.07.23"]
[Round "1"]
[White "Gatrooper"]
[Black "Caspito"]
[WhiteElo "1760"]
[BlackElo "1860"]
[Result "0-1"]
[Round "1"]
1.e4 e5
2.a3 Ng8f6
3.Nb1c3 c6
4.Ng1f3 d6
5.h3 b5
6.d3 g6
7.Bc1g5 Bf8g7
8.Bg5xf6 Qd8xf6
9.Qd1e2 O-O
10.h4 Bc8g4
11.O-O-O a5
12.Kb1 b4
13.axb4 axb4
14.Nc3a2 c5
15.h5 Bg4xh5
16.Qe2e1 Nb8c6
17.Bf1e2 Qf6e6
18.b3 Ra8a3
19.Nf3d2 Rf8a8
20.Kc1 Bh5xe2
21.Qe1xe2 Nc6d4
22.Qe2e1 Ra3xa2
23.Nd2b1 Ra2xc2
{ resign }
0-1

[Event "Tourn. n8796"]
[Site "www.chess-mail.com"]
[Date "2016.07.23"]
[Round "1"]
[White "Esperanza"]
[Black "Avg"]
[WhiteElo "1819"]
[BlackElo "1840"]
[Result "1-0"]
[Round "1"]
1.e4 d5
2.exd5 Qd8xd5
3.d4 Nb8c6
4.Ng1f3 Bc8g4
5.Bf1e2 O-O-O
6.c4 Qd5f5
7.Bc1e3 Bg4xf3
8.Be2xf3 Nc6xd4
9.Be3xd4 Qf5e6
10.Bf3e2 c5
11.Qd1a4 cxd4
12.Kd2 d3
13.Be2f3 Qe6b6
14.Rh1f1 Qb6xb2
15.Ke3 Qb2e5
16.Kd2  { time }
1-0

[Event "Tourn. n8794"]
[Site "www.chess-mail.com"]
[Date "2016.07.23"]
[Round "1"]
[White "Esperanza"]
[Black "Avg"]
[WhiteElo "1819"]
[BlackElo "1840"]
[Result "1-0"]
[Round "1"]
1.e4 d5
2.exd5 Qd8xd5
3.d4 Nb8c6
4.Ng1f3 Bc8g4
5.Bf1e2 O-O-O
6.Nb1c3 Qd5a5
7.Bc1e3 Bg4xf3
8.Be2xf3 Qa5b6
9.Bf3xc6 Qb6xc6
10.O-O Ng8f6
11.Qd1e2 a6
12.Rf1d1 e6
13.a3 Bf8d6
14.h3 h6
15.Nc3b1 Nf6d5
16.Nb1d2  { time }
1-0

[Event "Tourn. n8888"]
[Site "www.chess-mail.com"]
[Date "2016.07.23"]
[Round "1"]
[White "Attatroll"]
[Black "Jhzes"]
[WhiteElo "1910"]
[BlackElo "1930"]
[Result "1-0"]
[Round "1"]
1.e4 e5
2.Nb1c3 c6
3.f4 exf4
4.Ng1f3 d5
5.exd5 cxd5
6.d4 g5
7.Bf1b5 Bc8d7
8.Qd1e2 Bf8e7
9.Nc3xd5 a6
10.Bb5xd7 Nb8xd7
11.Nf3xg5 Qd8a5
12.Nd5c3 Qa5xg5
13.O-O O-O-O
14.Bc1xf4 Qg5h4
15.Nc3d5 Ng8f6
16.Nd5xe7 
1-0

[Event "Tourn. n8875"]
[Site "www.chess-mail.com"]
[Date "2016.07.23"]
[Round "1"]
[White "Kampungboy"]
[Black "Pimpampum"]
[WhiteElo "2300"]
[BlackElo "2190"]
[Result "1-0"]
[Round "1"]
1.e4 e5
2.f4 d5
3.exd5 c6
4.Nb1c3 exf4
5.Ng1f3 Ng8f6
6.d4 Nf6xd5
7.Nc3xd5 cxd5
8.Bc1xf4 Bf8e7
9.Bf1d3 Nb8c6
10.c3 Bc8g4
11.O-O Qd8d7
12.b4 a6
13.a4 O-O
14.Qd1b1 h6
15.b5 Nc6a5
16.Nf3e5 Qd7c8
17.Bf4xh6 gxh6
18.Bd3h7 Kg7
19.Rf1xf7 { resign }
1-0

[Event "Match"]
[Site "www.echecsemail.com"]
[Date "2016.07.23"]
[Round "1"]
[White "Oldprof"]
[Black "Billyg"]
[WhiteElo "1599"]
[BlackElo "1590"]
[Result "1-0"]
[Round "1"]
1.d4 d6
2.c4 Nb8c6
3.Ng1f3 Bc8g4
4.Nb1c3 e6
5.e3 Qd8f6
6.Bf1e2 Bg4xf3
7.Be2xf3 O-O-O
8.a3 e5
9.Bf3xc6 bxc6
10.Qd1a4 Kb8
11.Qa4xc6 Ng8e7
12.Qc6b5 Ka8
13.d5 Rd8b8
14.Qb5a4 Ne7f5
15.Qa4c6 Rb8b7
16.Nc3e4 Qf6d8
17.b4 Nf5e7
18.Qc6a4 f5
19.Ne4g5 Qd8c8
20.Ng5e6 c6
21.Bc1d2 cxd5
22.Ne6g5 dxc4
23.Ra1c1 Ne7d5
24.O-O Nd5b6
25.Qa4a5 Qc8d7
26.Rf1d1 Qd7e7
27.Ng5f3 Qe7c7
28.Nf3g5 Qc7e7
29.Ng5f3 Qe7d7
30.Nf3g5 Nb6a4
31.Qa5d5 Bf8e7
32.Ng5f7 Rh8c8
33.Bd2c3 Kb8
34.Nf7xe5 Qd7b5
35.Qd5xb5 Rb7xb5
36.Ne5f3 Na4b2
37.Bc3xb2 g5
38.h3 a5
39.Bb2d4 axb4
40.axb4 Rb5xb4
41.Rc1b1 Rb4xb1
42.Rd1xb1 Kc7
43.Bd4c3 Kd7
44.Rb1b7 Ke8
45.Nf3d4 Kf7
46.Nd4xf5 Ke8
47.Rb7xe7 Kd8
48.Bc3f6 c3
49.Re7xh7 { resign }
1-0

[Event "Match"]
[Site "www.echecsemail.com"]
[Date "2016.07.23"]
[Round "1"]
[White "Jhzes"]
[Black "Pellix84"]
[WhiteElo "1860"]
[BlackElo "1960"]
[Result "1/2-1/2"]
[Round "1"]
1.e3 d5
2.d4 Ng8f6
3.h3 e6
4.Ng1f3 c5
5.dxc5 Bf8xc5
6.Bf1b5 Bc8d7
7.Bb5xd7 Nb8xd7
8.O-O O-O
9.a3 a5
10.Nb1c3 Nd7b6
11.b3 Qd8d7
12.Nf3e5 Qd7d6
13.f4 Rf8d8
14.Nc3b5 Qd6e7
15.g4 Qe7e8
16.Nb5c7 Qe8e7
17.Nc7xa8 Nb6xa8
18.g5 Nf6d7
19.Ne5xd7 Qe7xd7
20.Kh1 d4
21.e4 e5
22.f5 Na8c7
23.Qd1d3 Qd7c6
24.Bc1d2 b6
25.b4 Bc5f8
26.bxa5 bxa5
27.Bd2xa5 Rd8d7
28.Ba5d2 Nc7b5
29.a4 Nb5c3
30.Bd2xc3 dxc3
31.Qd3f3 Rd7d2
32.g6 hxg6
33.fxg6 Qc6xg6
34.Rf1g1 Qg6c6
35.Ra1f1 Qc6c4
36.Rg1g2 Bf8e7
37.a5 f6
38.Rf1g1 g5
39.h4 Rd2xg2
40.Rg1xg2 Qc4f7
41.Qf3xc3 Qf7h5
42.Qc3c8 Kf7
43.Qc8c4 Kf8
44.Qc4f1 Qh5xh4
45.Kg1 Be7c5
46.Rg2f2 Qh4xe4
47.Kh2 Bc5xf2
48.Qf1xf2 Ke7
49.a6 Kd6
50.Qf2b6 Qe4c6
51.Qb6b4 Kc7
52.Qb4e7 Kb8
53.Qe7b4 Ka7
54.c3 Kxa6
55.Qb4a3 Kb7
56.Qa3e7 { draw }
1/2-1/2

[Event "Match"]
[Site "www.echecsemail.com"]
[Date "2016.07.23"]
[Round "1"]
[White "Llord"]
[Black "Fieldfast"]
[WhiteElo "1730"]
[BlackElo "1499"]
[Result "0-1"]
[Round "1"]
1.e4 c6
2.d4 d5
3.e5 Bc8f5
4.Nb1c3 e6
5.Ng1f3 Nb8d7
6.Bf1d3 Bf5xd3
7.Qd1xd3 c5
8.dxc5 Bf8xc5
9.Bc1e3 Bc5xe3
10.Qd3xe3 Ng8e7
11.O-O-O Qd8a5
12.Qe3g5 Ne7g6
13.Nf3d4 h6
14.Qg5h5 O-O-O
15.g3 Ng6xe5
16.Nd4b3 Qa5b6
17.f4 Qb6e3
18.Kb1 g6
19.Qh5e2 Qe3xe2
20.Nc3xe2 Ne5c4
21.Nb3d4 Nd7f6
22.Rd1d3 Nf6e4
23.Rh1g1 h5
24.Ne2c3 Nc4d6
25.Nc3xe4 Nd6xe4
26.Nd4b5 a6
27.Nb5d4 Rd8d7
28.Rg1e1 Rd7c7
29.b3 h4
30.Nd4e2 hxg3
31.hxg3 Rh8h2
32.a4 Rh2xe2
33.Re1xe2 Ne4c3
34.Kb2 Nc3xe2
35.a5 Rc7c5
36.b4 Rc5c4
37.c3 d4
38.cxd4 Rc4xb4
39.Ka3 Rb4xd4
40.Rd3e3 Ne2xf4
41.gxf4 Rd4xf4
42.Re3c3 Kb8
43.Kb2 g5
{ resign }
0-1

[Event "Match"]
[Site "www.echecsemail.com"]
[Date "2016.07.23"]
[Round "1"]
[White "Iko"]
[Black "Kampungboy"]
[WhiteElo "1620"]
[BlackElo "1499"]
[Result "0-1"]
[Round "1"]
1.e4 e5
2.Ng1f3 Nb8c6
3.Nb1c3 Ng8f6
4.Bf1c4 Nf6xe4
5.Nc3xe4 d5
6.Bc4xd5 Qd8xd5
7.Qd1e2 Bc8g4
8.h3 Bg4h5
9.g4 Bh5g6
10.c4 Qd5xe4
11.Qe2xe4 Bg6xe4
12.Ke2 Nc6d4
13.Nf3xd4 Be4xh1
14.Nd4c2 Bh1c6
15.d3 O-O-O
16.Nc2b4 Bf8xb4
17.a3 Bb4e7
18.b4 h5
19.b5 Bc6g2
20.Bc1b2 f6
21.Ra1g1 Bg2xh3
22.gxh5 Be7f8
23.Rg1h1 Bh3g4
24.f3 Rh8xh5
25.Rh1g1 Rh5h2
26.Kd1 Rh2xb2
27.Rg1xg4 Rd8xd3
28.Kc1 Bf8xa3
29.Rg4xg7 Rb2g2
30.Kb1 Rd3d1

0-1

[Event "Match"]
[Site "www.echecsemail.com"]
[Date "2016.07.23"]
[Round "1"]
[White "Nimzo"]
[Black "Yangqi"]
[WhiteElo "2840"]
[BlackElo "2690"]
[Result "1-0"]
[Round "1"]
1.d4 e6
2.e4 d5
3.Nb1c3 Bf8b4
4.e5 c5
5.a3 Bb4xc3
6.bxc3 Ng8e7
7.Qd1g4 cxd4
8.Qg4xg7 Rh8g8
9.Qg7xh7 Qd8c7
10.Ng1e2 dxc3
11.f4 Nb8c6
12.h4 d4
13.h5 Bc8d7
14.h6 O-O-O
15.Qh7d3 Kb8
16.Rh1h3 Bd7c8
17.Ra1b1 Rg8h8
18.g4 b6
19.a4 Bc8b7
20.Bc1a3 Ne7d5
21.g5 Qc7c8
22.Bf1g2 Bb7a6
23.Qd3e4 Ba6b7
24.Ba3d6 Ka8
25.Ne2xd4 Nc6a5
26.Nd4b5 Qc8d7
27.f5 exf5
28.Qe4xd5 Rd8c8
29.Rh3xc3 Bb7xd5
30.Bg2xd5 Na5b7
31.a5 { resign }
1-0

[Event "Fast Game"]
[Site "www.echecsemail.com"]
[Date "2016.07.23"]
[Round "1"]
[White "Attatroll"]
[Black "Jhzes"]
[WhiteElo "1850"]
[BlackElo "1650"]
[Result "1-0"]
[Round "1"]
1.e4 e5
2.f4 d5
3.exd5 Qd8xd5
4.Nb1c3 Qd5a5
5.fxe5 Qa5xe5
6.Qd1e2 Qe5xe2
7.Bf1xe2 Ng8f6
8.Be2f3 g6
9.d4 Nb8c6
10.Ng1e2 Bc8f5
11.Bf3xc6 bxc6
12.Bc1g5 Nf6e4
13.Nc3xe4 Bf5xe4
14.O-O Be4xc2
15.Rf1e1 Kd7
16.Ra1c1 Bc2d3
17.Ne2f4 Bd3b5
18.d5 Bf8g7
19.dxc6 Bb5xc6
20.Re1d1 Kc8
21.Rc1xc6 Bg7xb2
22.Nf4d5 Kd7
23.Rc6xc7 Kd6
24.Rc7xf7 Kc6
25.Rf7c7 Kd6
26.Rc7c2 { resign }
1-0

[Event "Tourn. n8881"]
[Site "www.chess-mail.com"]
[Date "2016.07.24"]
[Round "1"]
[White "Caspito"]
[Black "Picifarkinca"]
[WhiteElo "1860"]
[BlackElo "1990"]
[Result "1/2-1/2"]
[Round "1"]
1.e4 e5
2.Ng1f3 f5
3.Nf3xe5 Ng8f6
4.exf5 d6
5.Ne5g4 Bc8xf5
6.Qd1e2 Qd8e7
7.Ng4xf6 gxf6
8.Qe2xe7 Bf8xe7
9.Bf1d3 Bf5g6
10.b3 Nb8d7
11.Bc1b2 O-O-O
12.Bd3xg6 hxg6
13.Nb1c3 Nd7e5
14.O-O-O d5
15.Rh1e1 Rh8xh2
16.d4 Ne5c6
17.Rd1d3 Rh2xg2
18.f4 Rg2f2
19.Nc3b5 Kb8
20.Re1g1 g5
21.fxg5 fxg5
22.Rd3h3 { draw }
1/2-1/2

[Event "Tourn. n8889"]
[Site "www.chess-mail.com"]
[Date "2016.07.24"]
[Round "1"]
[White "Daquata"]
[Black "Picifarkinca"]
[WhiteElo "1980"]
[BlackElo "1920"]
[Result "0-1"]
[Round "1"]
1.e4 e5
2.Ng1f3 f5
3.exf5 e4
4.Nf3d4 Ng8f6
5.Nb1c3 d5
6.d3 c5
7.Nd4e6 Bc8xe6
8.fxe6 Nb8c6
9.dxe4 d4
10.Nc3e2 Nf6xe4
{ resign }
0-1

[Event "Tourn. n8839"]
[Site "www.chess-mail.com"]
[Date "2016.07.24"]
[Round "1"]
[White "Azulmarino"]
[Black "Cal"]
[WhiteElo "1570"]
[BlackElo "1640"]
[Result "0-1"]
[Round "1"]
1.e4 e5
2.Ng1f3 d6
3.d3 h6
4.Bc1e3 Ng8f6
5.Bf1e2 a6
6.Nb1c3 c6
7.d4 exd4
8.Be3xd4 Bf8e7
9.e5 dxe5
10.Bd4xe5 O-O
11.Be5d4 Bc8e6
12.Nf3e5 Be7b4
13.a3 Bb4xc3
14.bxc3 Be6d5
15.Be2d3 Rf8e8
16.Bd3f5 Bd5xg2
17.Rh1g1 Bg2d5
18.Bd4e3 Qd8d6
19.Be3xh6 Re8xe5
20.Kf1 Bd5c4
21.Bf5d3 b5
22.Bd3xc4 Qd6xd1
23.Kg2 Qd1g4
24.Kh1 Qg4f3
25.Rg1g2 bxc4
26.Kg1 g6
27.Ra1b1 Nb8d7
28.Rb1b4 Re5e1
{ resign }
0-1

[Event "Tourn. n8879"]
[Site "www.chess-mail.com"]
[Date "2016.07.24"]
[Round "1"]
[White "Picifarkinca"]
[Black "Odin"]
[WhiteElo "2000"]
[BlackElo "1950"]
[Result "0-1"]
[Round "1"]
1.e4 e5
2.f4 Ng8f6
3.d3 d6
4.Ng1f3 Bc8g4
5.Bf1e2 Nb8d7
6.f5 Bf8e7
7.O-O O-O
8.c4 Rf8e8
9.Nb1c3 c6
10.b4 Qd8b6
11.Kh1 Qb6xb4
12.Bc1d2 Qb4b6
13.Nf3xe5 Nd7xe5
{ resign }
0-1

[Event "Tourn. n8870"]
[Site "www.chess-mail.com"]
[Date "2016.07.24"]
[Round "1"]
[White "Picifarkinca"]
[Black "Awfen"]
[WhiteElo "1980"]
[BlackElo "1970"]
[Result "0-1"]
[Round "1"]
1.Ng1f3 Nb8c6
2.g3 d5
3.Bf1g2 Bc8g4
4.O-O e5
5.d3 Bf8c5
6.h3 Bg4e6
7.c3 f6
8.b4 Bc5b6
9.a4 a6
10.Bc1a3 Ng8e7
11.Nb1d2 O-O
12.Nd2b3 Qd8d7
13.Ra1c1 Rf8d8
14.e3 Be6xh3
15.Kh2 Bh3g4
16.e4 dxe4
17.dxe4 Qd7e6
18.Qd1c2 f5
19.Rc1e1 f4
20.Rf1h1 Ne7g6
21.Kg1 fxg3
22.Re1f1 Bg4xf3
23.Bg2xf3 Ng6f4
24.Nb3c5 Qe6g6
25.fxg3 Qg6xg3
26.Bf3g2 Qg3e3
27.Kh2 Rd8d2
{ resign }
0-1

[Event "Tourn. n8835"]
[Site "www.chess-mail.com"]
[Date "2016.07.24"]
[Round "1"]
[White "Darko10"]
[Black "Rons"]
[WhiteElo "2580"]
[BlackElo "2570"]
[Result "1-0"]
[Round "1"]
1.e4 c5
2.Ng1f3 d6
3.d4 cxd4
4.Nf3xd4 Ng8f6
5.Nb1c3 a6
6.h3 e6
7.g4 Bf8e7
8.g5 Nf6d7
9.Bc1e3 b5
10.a3 Bc8b7
11.h4 O-O
12.Qd1d2 Nb8c6
13.O-O-O Nc6xd4
14.Be3xd4 Ra8c8
15.Rh1g1 e5
16.Bd4e3 Qd8a5
17.Bf1h3 Rc8c7
18.h5 Nd7c5
19.Kb1 b4
20.axb4 Qa5xb4
21.Be3xc5 Qb4xc5
22.g6 h6
23.gxf7 Kxf7
24.Rg1g6 Be7f6
25.Qd2xd6 Qc5xd6
26.Rd1xd6 Rc7xc3
27.Rd6d7 Ke8
28.bxc3 Bb7xe4
29.Rg6g1 Be4f3
30.Ka2 Rf8f7
31.Rd7xf7 Kxf7
32.Bh3g4 Bf3c6
33.Rg1b1 Bc6d5
34.Kb2 Ke7
35.Rb1a1 Bd5b7
36.Kb3 Kd6
37.c4 e4
38.c3 Bf6h4
39.Ra1d1 Kc5
40.Rd1d7 Bb7c6
41.Rd7xg7 Bh4xf2
42.Rg7h7 Bf2e3
43.Bg4d7 Be3f4
44.Bd7xc6 Kxc6
45.Rh7f7 Bf4e5
46.Rf7e7 Kd6
47.Re7a7 { resign }
1-0